| 000 | 00890cam a2200253 a 4500 | ||
|---|---|---|---|
| 001 | 000018410 | ||
| 005 | 20200929165510.0 | ||
| 008 | 790224s1937 ck 000 s spa d | ||
| 040 |
_aDO-SdBNP _cOCl _dOCoLC _dDLC _dBNPHU |
||
| 082 |
_aC865.4 _bC355ó |
||
| 100 | 1 |
_aCastro Silva, José Vicente, _d1885-1968 _939857 |
|
| 245 | 1 | 0 |
_aOradores sagrados de fin del siglo / _cJosé Vicente Castro Silva. |
| 260 |
_aColombia : _bSelecta, _c1937. |
||
| 300 |
_a152, [153-154] p. ; _c20 cm. |
||
| 490 | 1 |
_aBiblioteca aldeana de Colombia ; _v77 |
|
| 490 | 1 |
_aElocuencia _v77 |
|
| 500 | _aCover-title: Sermones y discursos, por José Vicente Castro Silva. | ||
| 650 | 4 |
_aSermones biblicos _939858 |
|
| 650 | 4 |
_aIglesia católica _91307 |
|
| 650 | 4 |
_aDiscursos _96584 |
|
| 830 | 0 |
_aBiblioteca aldeana de Colombia. _pElocuencia ; _v77 _939859 |
|
| 910 | _aCatalogación derivada / LC | ||
| 049 | _aBNGR | ||
| 999 |
_c17931 _d17931 |
||